000 00578nam a22002297a 4500
003 UA-OsUOA
001 95822
007 ta
008 20130311b un ||||| |||| 00| 0 ukr d
100 _aІсаєв Є.
090 _a821.161.1
_bІ - 85
942 _cBK
040 _aUA-OsUOA
_bukr
_cUA-OsUOA
_dUA-OsUOA
245 _aЖиття прожити...
300 _a188 с.
955 _a3
041 _aukr
080 _a821.161.1
260 _aК.
_bДніпро
_c1988
650 7 _a82 Література. Літературознавство
_2UDC
999 _c382070
_d382070